000 01204cam a2200229 4500
001 WB3912-05
008 030327n2003 000 0 eng u
035 _a(Sirsi) u121772
245 _aSummary of responses to Part M consultation
260 _c2003
490 _aRICS Building Surveying Faculty News
_v 27 March 2003 (1)
520 _aThe ODPM has published a summary of responses to the consultation on proposals for amending Part M (Access to and use of buildings) of the Building Regulations 2000. The November 2002 consultation resulted in 192 responses which favoured the proposals' aim of access for all. http://www.rics.org/ricscms/bin/show?class=News&template=/includes/shownews.html&id=5303&faculty=Building Surveying&faculty=All Faculties
590 _aWB
650 _aCONSULTATION
650 _aBUILDING REGULATIONS
_96224
650 _aMANAGEMENT-BUSINESS MANAGEMENT-DISCRIMINATION-DISABILITY DISCRIMINATION-ACCESSIBILITY
650 _aBUILT ENVIRONMENT
650 _aMANAGEMENT-BUSINESS MANAGEMENT-DISCRIMINATION-DISABILITY DISCRIMINATION-ACCESSIBILITY
650 _aBUILDING REGULATIONS 2000 APPROVED DOCUMENT M (2002 EDITION)
690 _aBUILT ENVIRONMENT
942 _n0
999 _c72372
_d72372